Minzokugaku no hōhō /

Saved in:
Bibliographic Details
Main Author: Seki, Keigo, 1899-
Format: Book
Language:Japanese
Published: Kyōto : Dōhōsha Shuppan, Shōwa 56 [1981]
Series:Seki, Keigo, 1899- Works. 1980 ; 8.
Subjects:
Tags: Add Tag
No Tags, Be the first to tag this record!
LEADER 01111nam a2200313 a 4500
001 007714536-4
005 20024617120653.0
008 920107s1981 ja b 000 0 jpn
010 |a 81806503 /AJ 
015 |a Ja*** 
035 0 |a ocm25060930 
040 |a DLC  |c CLU  |d *YNH*  |d CStRLIN 
050 0 |a GR340  |b .S38 1980, vol. 8 
100 1 |6 880-01  |a Seki, Keigo,  |d 1899- 
245 1 0 |6 880-02  |a Minzokugaku no hōhō /  |c [chosha Seki Keigo] 
260 |6 880-03  |a Kyōto :  |b Dōhōsha Shuppan,  |c Shōwa 56 [1981] 
300 |a 288 p. ;  |c 21 cm. 
490 1 |6 880-04  |a Seki Keigo chosakushū ;  |v 8 
504 |a Includes bibliographical references. 
650 0 |a Folklore  |z Japan  |x Theory, methods, etc. 
650 0 |a Folklore  |x Theory, methods, etc. 
880 1 |6 100-01  |a 関敬吾,  |d 1899- 
880 1 0 |6 245-02  |a 民俗学の方法 /  |c [著者関敬吾] 
880 |6 260-03  |a 京都 :  |b 同朋舍出版,  |c 昭和56 [1981] 
880 1 |6 490-04  |a 関敬吾著作集 ;  |v 8 
800 1 |6 880-05  |a Seki, Keigo,  |d 1899-  |t Works.  |f 1980 ;  |v 8. 
880 1 |6 800-05  |a 関敬吾,  |d 1899-  |t Works.  |f 1980 ;  |v 8. 
988 |a 20021214 
906 |0 DLC